Hollywood stardom (Record no. 64894)
[ view plain ]
| 000 -LEADER | |
|---|---|
| fixed length control field | 02671nam a2200373 a 4500 |
| 082 04 - DEWEY DECIMAL CLASSIFICATION NUMBER | |
| Classification number | 384/.80973 |
| 100 1# - MAIN ENTRY--AUTHOR NAME | |
| Personal name | McDonald, Paul, |
| 245 10 - TITLE STATEMENT | |
| Title | Hollywood stardom |
| 260 ## - PUBLICATION, DISTRIBUTION, ETC. (IMPRINT) | |
| Place of publication | Malden, Mass. : |
| Name of publisher | Wiley-Blackwell, |
| Year of publication | 2013. |
| 300 ## - PHYSICAL DESCRIPTION | |
| Number of Pages | viii, 342 p. : |
| Other physical details | ill. |
| 505 0# - FORMATTED CONTENTS NOTE | |
| Formatted contents note | Introduction -- Star business. The symbolic commerce of Hollywood stardom -- Star-as-brand -- The extraordinary ordinariness of Tom Hanks -- Star system. Post-studio stardom -- Money and talent -- "The Will Smith business" -- Star performance. Spectacular acts -- Prestige stardom and the awards system -- Starring Julia Roberts -- Conclusion -- Appendix: Academy Award nominees and winners in the actress and actor in a leading role categories, 1990-2009. |
| 520 ## - SUMMARY, ETC. | |
| Summary, etc | "By integrating star studies and film industry studies, Hollywood Stardom reveals the inextricable bonds between culture and commerce in contemporary notions of film stardom. Integrates the traditions of star studies and industry studies to establish an original and innovative mode of analysis whereby the 'star image' is replaced with the 'star brand' Offers the first extensive analysis of stardom in the 'post-studio' era; Combines genre, narrative, acting, and discourse analysis with aspects of marketing theory and the economic analysis of the film market; Draws on an extensive body of research data not previously deployed in film scholarship; A wide range of star examples are explored including George Clooney, Mel Gibson, Tom Cruise, Daniel Day-Lewis, Tom Hanks, Will Smith, and Julia Roberts "-- |
| 650 #0 - SUBJECT ADDED ENTRY--TOPICAL TERM | |
| Topical Term | Motion picture industry |
| Topical Term | Motion picture actors and actresses |
| Topical Term | Fame |
| 856 40 - ELECTRONIC LOCATION AND ACCESS | |
| Uniform Resource Identifier | http://site.ebrary.com/lib/rucke/Doc?id=10657816 |
| 520 ## - SUMMARY, ETC. | |
| -- | Provided by publisher. |
No items available.
